000 00352nam a2200133 4500
020 _a9789360615901
082 _a658.567Su BER/S
084 _2Colon Classification
100 _a Berry, Mary
245 _aSupply chain management work /
_cMary Berry
260 _a New Delhi :
_bPinakin Publishing,
_c2025.
300 _a296p.:
942 _2ddc
_cBK
999 _c750224
_d750224